Elementi di matematica finanziaria ed atturiale : ad uso degli istituti commerciale / F. Insolera ad uso degli istituti commerciale / F. Insolera
Descripción Física:
XVI, 261 p. ; 23 cm
Materias:
Matemàtica financera
MARC
| LEADER | 00000nam a2200000Ia 4500 | ||
|---|---|---|---|
| 001 | 819 | ||
| 008 | 160829s1916 xx 000 0 cat d | ||
| 080 | |a C-1-310 | ||
| 100 | |a Insolera, Filadelfo |9 20559 | ||
| 245 | |a Elementi di matematica finanziaria ed atturiale : |b ad uso degli istituti commerciale / F. Insolera | ||
| 260 | |a Torino : |b S. Lattes, |c 1916 | ||
| 300 | |a XVI, 261 p. ; |c 23 cm | ||
| 650 | |a Matemàtica financera |9 20560 | ||
| 901 | |a Arxiu | ||
| 942 | |n 1 | ||
| 952 | |0 0 |1 0 |4 0 |6 C1310 |7 1 |9 41586 |a Arxiu |b Arxiu |d 2016-12-01 |l 0 |o C-1-310 |p 819 |r 2016-12-01 00:00:00 |w 2016-12-01 |y ARXIU | ||
| 999 | |c 43476 |d 43476 | ||